[Event "25th Klatovy B 2017"]
[Site "Klatovy CZE"]
[Date "2017.07.02"]
[Round "2.1"]
[White "Rerabek, Jaroslav"]
[Black "Sibl, Vaclav"]
[Result "0-1"]
[WhiteElo "1635"]
[BlackElo "1947"]
[PlyCount "125"]
[EventDate "2017.07.01"]
[EventType "swiss"]
[EventRounds "9"]
[EventCountry "CZE"]

1. e4 d6 2. d4 Nf6 3. Nc3 Nbd7 4. Nf3 e5 5. dxe5 dxe5 6. Be3 c6 7. a4 Be7 8. Bc4 O-O 9. h3 Qc7 10. g4 Bc5 11. Qe2 a5 12. O-O-O Bxe3+ 13. Qxe3 b6 14. Nh4 g6 15. Qh6 Nc5 16. Nf5 Ne8 17. Rhg1 Be6 18. Bd3 Rd8 19. h4 Nxd3+ 20. Rxd3 Rxd3 21. cxd3 b5 22. h5 Qd7 23. hxg6 fxg6 24. Qg5 Nf6 25. Nh6+ Kg7 26. Nf5+ Kf7 27. Nh6+ Ke7 28. Qxe5 b4 29. Qc5+ Ke8 30. Ne2 Nxg4 31. Nxg4 Bxg4 32. Qe5+ Qe6 33. Qxe6+ Bxe6 34. f4 Bb3 35. Rg5 Bxa4 36. Rxa5 Bb5 37. Ra8+ Ke7 38. Rxf8 Kxf8 39. Kd2 c5 40. Ke3 Ke7 41. b3 Kf6 42. Ng3 Bd7 43. e5+ Ke7 44. Ne4 h5 45. Nxc5 Be6 46. Ne4 Bd5 47. Nd2 Ke6 48. Kd4 h4 49. Kc5 h3 50. Nf1 Bxb3 51. Kxb4 Bd5 52. Kc5 g5 53. fxg5 Kxe5 54. d4+ Ke4 55. Ng3+ Kf4 56. Ne2+ Ke3 57. Ng3 Kf2 58. Kxd5 Kxg3 59. g6 h2 60. Ke5 h1=Q 61. g7 Qh7 62. Kf6 Qg8 63. Kg6 0-1

[Event "25th Klatovy B 2017"]
[Site "Klatovy CZE"]
[Date "2017.07.02"]
[Round "2.2"]
[White "Zednik, Zdenek"]
[Black "Svanda, Adam"]
[Result "1-0"]
[WhiteElo "1888"]
[BlackElo "1699"]
[PlyCount "115"]
[EventDate "2017.07.01"]
[EventType "swiss"]
[EventRounds "9"]
[EventCountry "CZE"]

1. e4 d5 2. exd5 Qxd5 3. Nc3 Qa5 4. d4 Nf6 5. Nf3 c6 6. Bd3 Bg4 7. O-O e6 8. Bd2 Qd8 9. Be3 Bd6 10. h3 Bh5 11. Ne4 Nxe4 12. Bxe4 O-O 13. c3 Bg6 14. Bxg6 hxg6 15. Ng5 Nd7 16. Ne4 Be7 17. Qb3 Qb6 18. Qc2 Qc7 19. Qc1 Nf6 20. Bf4 Qb6 21. Re1 Rfd8 22. b3 a5 23. Qe3 Nd5 24. Qg3 Nxf4 25. Qxf4 a4 26. b4 Rac8 27. Ng5 Bxg5 28. Qxg5 Rd5 29. Qg4 Re8 30. Re3 Qb5 31. Rae1 Qc4 32. Qe2 Qxe2 33. R1xe2 Red8 34. Re5 Rxe5 35. Rxe5 Rd5 36. Kf1 Kf8 37. f4 Ke7 38. Ke2 f6 39. Re3 g5 40. fxg5 Rxg5 41. g4 Rd5 42. Kf3 Kd6 43. h4 g6 44. Re2 Ke7 45. Ke3 b5 46. Rh2 Kf7 47. Rc2 e5 48. dxe5 Rxe5+ 49. Kf3 c5 50. Rd2 Ke7 51. Re2 Rxe2 52. Kxe2 cxb4 53. cxb4 Ke6 54. Kf3 Ke5 55. Ke3 f5 56. h5 fxg4 57. h6 Kf6 58. Kf4 1-0

[Event "25th Klatovy B 2017"]
[Site "Klatovy CZE"]
[Date "2017.07.02"]
[Round "2.3"]
[White "Frnoch, Vojtech"]
[Black "Soukal, Roman"]
[Result "0-1"]
[WhiteElo "1711"]
[BlackElo "1887"]
[PlyCount "74"]
[EventDate "2017.07.01"]
[EventType "swiss"]
[EventRounds "9"]
[EventCountry "CZE"]

1. c4 e5 2. Nc3 Nc6 3. g3 f5 4. Bg2 g6 5. e3 Bg7 6. d3 d6 7. Nge2 Nf6 8. Rb1 O-O 9. a3 Ne7 10. d4 e4 11. O-O d5 12. b3 c6 13. c5 b5 14. Bd2 a5 15. Na2 g5 16. f4 exf3 17. Bxf3 Ne4 18. Bg2 Ng6 19. Nac3 Nxd2 20. Qxd2 Ra7 21. Rbe1 Raf7 22. Nd1 Bh6 23. Qc3 f4 24. exf4 gxf4 25. gxf4 Nxf4 26. Nxf4 Bxf4 27. Rf2 Bg4 28. Rxf4 Rxf4 29. Qg3 Kh8 30. Ne3 Bf3 31. Bxf3 Rxf3 32. Qe5+ Qf6 33. Qxf6+ R8xf6 34. Kg2 Rf2+ 35. Kg3 R6f3+ 36. Kg4 Kg7 37. Ng2 h5+ 0-1

[Event "25th Klatovy B 2017"]
[Site "Klatovy CZE"]
[Date "2017.07.02"]
[Round "2.4"]
[White "Masek, Jan"]
[Black "Kovar, Vaclav 1953"]
[Result "1-0"]
[WhiteElo "1916"]
[BlackElo "1650"]
[PlyCount "49"]
[EventDate "2017.07.01"]
[EventType "swiss"]
[EventRounds "9"]
[EventCountry "CZE"]

1. e4 e5 2. Nf3 Nc6 3. Bb5 d6 4. O-O Nf6 5. Re1 Be7 6. c3 O-O 7. h3 a6 8. Ba4 h6 9. d3 b5 10. Bc2 Nh7 11. Nbd2 Ng5 12. Nxg5 Bxg5 13. Nf1 f5 14. exf5 Bxf5 15. Ng3 Bd7 16. d4 Be8 17. Qd3 g6 18. Bb3+ Kg7 19. Bd5 Rb8 20. Bxc6 Bxc6 21. dxe5 Re8 22. Bxg5 hxg5 23. exd6 Rxe1+ 24. Rxe1 cxd6 25. Re6 1-0

[Event "25th Klatovy B 2017"]
[Site "Klatovy CZE"]
[Date "2017.07.02"]
[Round "2.5"]
[White "Pravda, Krystof"]
[Black "Mejzr, Jan"]
[Result "1-0"]
[WhiteElo "1711"]
[BlackElo "1881"]
[PlyCount "83"]
[EventDate "2017.07.01"]
[EventType "swiss"]
[EventRounds "9"]
[EventCountry "CZE"]

1. e4 c5 2. Bc4 e6 3. Qe2 Nc6 4. c3 d6 5. f4 Nf6 6. Nf3 d5 7. exd5 Nxd5 8. O-O Be7 9. Ne5 O-O 10. Bb5 Qc7 11. Bxc6 bxc6 12. c4 Nb6 13. b3 Bd6 14. Qe4 f6 15. Nd3 Re8 16. Ba3 Nd7 17. Nc3 Bb7 18. Qe3 e5 19. f5 e4 20. Nxe4 Bxh2+ 21. Kh1 Ne5 22. g3 Nxd3 23. Qxd3 Rad8 24. Qf3 Rxe4 25. Qxe4 Bxg3 26. Bxc5 Be5 27. Rad1 Qf7 28. Qg4 Bd4 29. Bxd4 Rxd4 30. Qh3 c5+ 31. Kg1 Qd7 32. Rf2 Qc6 33. Re1 Rg4+ 34. Kf1 Rg5 35. Re6 Qd7 36. Qe3 Kf7 37. Ke2 Qc7 38. Kd1 Bc8 39. Re4 Bxf5 40. Ref4 Qd7 41. R4f3 Kg8 42. Rxf5 1-0

[Event "25th Klatovy B 2017"]
[Site "Klatovy CZE"]
[Date "2017.07.02"]
[Round "2.6"]
[White "Jirasek, Jiri"]
[Black "Cipera, Josef"]
[Result "1-0"]
[WhiteElo "1885"]
[BlackElo "1699"]
[PlyCount "87"]
[EventDate "2017.07.01"]
[EventType "swiss"]
[EventRounds "9"]
[EventCountry "CZE"]

1. d4 Nf6 2. c4 g6 3. Nc3 Bg7 4. e4 d6 5. f3 O-O 6. Be3 c6 7. Qd2 e5 8. d5 c5 9. g4 h5 10. h3 Nh7 11. gxh5 Qh4+ 12. Kd1 Qxh5 13. Be2 Qh4 14. Kc2 a6 15. f4 exf4 16. Bxf4 Qe7 17. Bd3 Nd7 18. Nf3 Ne5 19. Nxe5 Bxe5 20. a4 Bd7 21. h4 Kh8 22. Qh2 Rae8 23. Ne2 Nf6 24. Bxe5 Qxe5 25. Qxe5 Rxe5 26. Ng3 Rfe8 27. a5 Nh5 28. Nxh5 Rxh5 29. Raf1 Kg7 30. Rf4 g5 31. Rg1 g4 32. Rh1 Reh8 33. Rhf1 Rf8 34. Rf6 Rxh4 35. Rxd6 Bc8 36. e5 g3 37. Rdf6 Rh2+ 38. Kc3 Bh3 39. R1f3 Rg2 40. Bf1 Kh7 41. Bxg2 Bxg2 42. Rxg3 Be4 43. e6 Bg6 44. Rgxg6 1-0

[Event "25th Klatovy B 2017"]
[Site "Klatovy CZE"]
[Date "2017.07.02"]
[Round "2.7"]
[White "Leseticky, Vladimir"]
[Black "Perik, Alois"]
[Result "1/2-1/2"]
[WhiteElo "1703"]
[BlackElo "1878"]
[PlyCount "35"]
[EventDate "2017.07.01"]
[EventType "swiss"]
[EventRounds "9"]
[EventCountry "CZE"]

1. e4 c6 2. d4 d5 3. Nc3 dxe4 4. Nxe4 Bf5 5. Ng3 Bg6 6. Nf3 e6 7. Bd3 Bxd3 8. Qxd3 Nf6 9. O-O Qc7 10. c4 Bd6 11. Ne4 Nxe4 12. Qxe4 Nd7 13. c5 Be7 14. Bf4 Qd8 15. Rad1 Nf6 16. Qb1 Nd5 17. Bg3 O-O 18. Qe4 1/2-1/2

[Event "25th Klatovy B 2017"]
[Site "Klatovy CZE"]
[Date "2017.07.02"]
[Round "2.8"]
[White "Vachal, Josef1"]
[Black "Schille, Hannes"]
[Result "0-1"]
[WhiteElo "1872"]
[BlackElo "1676"]
[PlyCount "120"]
[EventDate "2017.07.01"]
[EventType "swiss"]
[EventRounds "9"]
[EventCountry "CZE"]

1. e4 c5 2. Nf3 Nc6 3. d4 cxd4 4. Nxd4 e6 5. Be3 Nf6 6. f3 a6 7. Nc3 d5 8. exd5 exd5 9. Qd2 Be7 10. O-O-O O-O 11. h4 Be6 12. g4 Bb4 13. a3 Bxc3 14. Qxc3 Rc8 15. Qd2 Qa5 16. h5 Qxd2+ 17. Rxd2 Rfe8 18. Bf4 Bxg4 19. fxg4 Re1+ 20. Rd1 Rxd1+ 21. Kxd1 Nxd4 22. Bh3 Ne4 23. Rh2 Nf3 24. Rg2 Re8 25. c3 d4 26. cxd4 Nxd4 27. g5 Nf3 28. g6 hxg6 29. hxg6 Rd8+ 30. Kc1 Ne1 31. gxf7+ Kxf7 32. Bc7 Rd5 33. Re2 Nd3+ 34. Kb1 Ng5 35. Bg2 Rd7 36. Ba5 Nf4 37. Rf2 Nge6 38. Bh3 Rd4 39. Bb6 Re4 40. Bg2 Re1+ 41. Ka2 Ke7 42. Bxb7 Nd3 43. Rg2 Nc1+ 44. Kb1 Ne2+ 45. Kc2 N2f4 46. Rd2 g5 47. Bxa6 g4 48. Bf2 Re5 49. Bh4+ Ke8 50. b4 Nd5 51. Bb5+ Kf7 52. Rf2+ Nef4 53. Bc4 Kg6 54. Bxd5 Nxd5 55. Bg3 Re3 56. Bd6 Rxa3 57. b5 Ra2+ 58. Kd3 Rxf2 59. Kd4 Rd2+ 60. Kc5 Kf5 0-1

[Event "25th Klatovy B 2017"]
[Site "Klatovy CZE"]
[Date "2017.07.02"]
[Round "2.9"]
[White "Vavrousek, Petr"]
[Black "Flajsman, Pavel"]
[Result "1/2-1/2"]
[WhiteElo "1694"]
[BlackElo "1846"]
[PlyCount "35"]
[EventDate "2017.07.01"]
[EventType "swiss"]
[EventRounds "9"]
[EventCountry "CZE"]

1. e4 c6 2. Nc3 d5 3. Nf3 dxe4 4. Nxe4 Nd7 5. d4 Ngf6 6. Ng3 e6 7. Bd3 Bd6 8. O-O O-O 9. c4 h6 10. Re1 c5 11. Be3 cxd4 12. Bxd4 b6 13. Ne4 Be7 14. Ne5 Nxe5 15. Bxe5 Bb7 16. Nxf6+ Bxf6 17. Bxf6 Qxf6 18. Qe2 1/2-1/2

[Event "25th Klatovy B 2017"]
[Site "Klatovy CZE"]
[Date "2017.07.02"]
[Round "2.10"]
[White "Hartmann, Andreas 1969"]
[Black "Micka, Norbert"]
[Result "1/2-1/2"]
[WhiteElo "1685"]
[BlackElo "1841"]
[PlyCount "78"]
[EventDate "2017.07.01"]
[EventType "swiss"]
[EventRounds "9"]
[EventCountry "CZE"]

1. c4 Nf6 2. Nc3 c5 3. g3 g6 4. Bg2 Bg7 5. e3 O-O 6. Nge2 Nc6 7. O-O d6 8. d4 cxd4 9. Nxd4 Bd7 10. Nxc6 Bxc6 11. Bxc6 bxc6 12. Rb1 Qc7 13. b3 Nd7 14. Bb2 a5 15. Na4 Bxb2 16. Rxb2 Nb6 17. Nxb6 Qxb6 18. a4 Rab8 19. Qd3 Rb7 20. Rfb1 Rfb8 21. Kf1 Qc5 22. h4 h5 23. Ke2 Rb4 24. Kd2 Qe5 25. Qd4 Qf5 26. e4 Qe6 27. Qe3 Qf6 28. f4 d5 29. e5 Qf5 30. Kc3 Rd8 31. Rd1 Qc8 32. Qc5 dxc4 33. Rxd8+ Qxd8 34. bxc4 Rxb2 35. Kxb2 Qd2+ 36. Kb3 Qd3+ 37. Kb2 Qd2+ 38. Kb3 Qd1+ 39. Ka3 Qd3+ 1/2-1/2

[Event "25th Klatovy B 2017"]
[Site "Klatovy CZE"]
[Date "2017.07.02"]
[Round "2.11"]
[White "Kubat, Zbynek"]
[Black "Davaademberel, Purevdorj 1981"]
[Result "1-0"]
[WhiteElo "1638"]
[BlackElo "1835"]
[PlyCount "75"]
[EventDate "2017.07.01"]
[EventType "swiss"]
[EventRounds "9"]
[EventCountry "CZE"]

1. e4 c5 2. d4 cxd4 3. c3 dxc3 4. Nxc3 Nc6 5. Nf3 a6 6. Bc4 e6 7. O-O Nf6 8. Re1 d6 9. Bg5 Be7 10. a3 O-O 11. Qc2 b5 12. Bd3 Bb7 13. Rad1 Nd7 14. Bxe7 Qxe7 15. Re3 h6 16. Qe2 Nde5 17. Nxe5 Nxe5 18. Rg3 Qf6 19. Bb1 Rfd8 20. f4 Qxf4 21. Rf1 Qh4 22. Qf2 Qe7 23. Qe3 Kh7 24. Ne2 Rac8 25. Nf4 g6 26. Rh3 Qf8 27. Nxe6 Ng4 28. Nxf8+ Rxf8 29. Qf4 Rc5 30. Qxg4 Bc8 31. Qf4 Bxh3 32. gxh3 Rg5+ 33. Kh1 d5 34. exd5 Rxd5 35. Qf6 Rg5 36. Rg1 Rxg1+ 37. Kxg1 Kg8 38. Ba2 1-0

[Event "25th Klatovy B 2017"]
[Site "Klatovy CZE"]
[Date "2017.07.02"]
[Round "2.12"]
[White "Lener, Jaroslav 1975"]
[Black "Boucek, Vlastimil 1968"]
[Result "1/2-1/2"]
[WhiteElo "1750"]
[BlackElo "1677"]
[PlyCount "20"]
[EventDate "2017.07.01"]
[EventType "swiss"]
[EventRounds "9"]
[EventCountry "CZE"]

1. d4 f5 2. Nc3 Nf6 3. Bg5 g6 4. e3 Bg7 5. Bc4 c6 6. Nf3 d5 7. Be2 Nbd7 8. h3 Ne4 9. Nxe4 fxe4 10. Nd2 Qb6 1/2-1/2

[Event "25th Klatovy B 2017"]
[Site "Klatovy CZE"]
[Date "2017.07.02"]
[Round "2.13"]
[White "Fekete, Frantisek 1941"]
[Black "Simacek, Vaclav"]
[Result "0-1"]
[WhiteElo "1678"]
[BlackElo "1827"]
[PlyCount "40"]
[EventDate "2017.07.01"]
[EventType "swiss"]
[EventRounds "9"]
[EventCountry "CZE"]

1. e4 e5 2. Nf3 Nc6 3. Bb5 f5 4. d4 exd4 5. Nxd4 fxe4 6. Bxc6 dxc6 7. Qh5+ Ke7 8. Qe5+ Kf7 9. O-O Nf6 10. Be3 Bd6 11. Qa5 Re8 12. f3 Re5 13. Qd2 Rh5 14. g3 Bh3 15. Rf2 exf3 16. Nxf3 Kg8 17. Nc3 Ng4 18. Re2 Qf8 19. Rae1 Qxf3 20. Bf4 Bc5+ 0-1

[Event "25th Klatovy B 2017"]
[Site "Klatovy CZE"]
[Date "2017.07.02"]
[Round "2.14"]
[White "Esterka, Jan"]
[Black "Rychtecky, Pavel"]
[Result "0-1"]
[WhiteElo "1827"]
[BlackElo "1665"]
[PlyCount "72"]
[EventDate "2017.07.01"]
[EventType "swiss"]
[EventRounds "9"]
[EventCountry "CZE"]

1. e4 e5 2. Nf3 Nc6 3. Bc4 Bc5 4. b4 Bxb4 5. c3 Ba5 6. d4 d6 7. dxe5 Be6 8. Bxe6 fxe6 9. exd6 cxd6 10. Qb3 Qd7 11. O-O O-O-O 12. Ng5 Re8 13. Rd1 h6 14. Nf3 Bc7 15. Ba3 e5 16. c4 Nf6 17. Qd3 Re6 18. Nc3 Rd8 19. Nd5 Bb8 20. Rab1 Nd4 21. Nxd4 exd4 22. Nxf6 Rxf6 23. Qxd4 Qc7 24. Rb3 Rf7 25. Rbd3 Rfd7 26. Qd5 a6 27. g3 Qc6 28. Qe6 Qc7 29. Bxd6 Qc6 30. Qh3 Ba7 31. c5 Qxe4 32. Be5 Qc6 33. Rd6 Qxc5 34. Rxd7 Qxf2+ 35. Kh1 Qf3+ 36. Qg2 Qxd1+ 0-1

[Event "25th Klatovy B 2017"]
[Site "Klatovy CZE"]
[Date "2017.07.02"]
[Round "2.15"]
[White "Stvan, Marek"]
[Black "Haderka, Karel"]
[Result "1/2-1/2"]
[WhiteElo "1593"]
[BlackElo "1695"]
[PlyCount "93"]
[EventDate "2017.07.01"]
[EventType "swiss"]
[EventRounds "9"]
[EventCountry "CZE"]

1. e4 e6 2. d4 d5 3. e5 c5 4. c3 cxd4 5. cxd4 Bb4+ 6. Bd2 Bxd2+ 7. Nxd2 Ne7 8. Ndf3 Nbc6 9. Bd3 Qa5+ 10. Qd2 Qxd2+ 11. Kxd2 Bd7 12. Ne2 O-O 13. Rac1 Rac8 14. a3 Na5 15. Rxc8 Rxc8 16. b4 Nc4+ 17. Bxc4 dxc4 18. Nc3 Bc6 19. b5 Bd5 20. Ke2 b6 21. Rd1 Bb7 22. g3 Nd5 23. Rc1 h6 24. Nd2 Nxc3+ 25. Rxc3 Bd5 26. Ke3 f5 27. f4 Kf7 28. Ke2 Ke7 29. Kd1 Kd7 30. Kc2 a5 31. a4 g5 32. Re3 g4 33. Kc3 h5 34. Kc2 Rh8 35. Rc3 h4 36. Nxc4 Bxc4 37. Rxc4 hxg3 38. hxg3 Rh2+ 39. Kb3 Rd2 40. Rc1 Rxd4 41. Rc4 Rd3+ 42. Rc3 Rf3 43. Kc4 Rf1 44. Kb3 Rb1+ 45. Ka2 Rb4 46. Ka3 Rd4 47. Kb3 1/2-1/2

[Event "25th Klatovy B 2017"]
[Site "Klatovy CZE"]
[Date "2017.07.02"]
[Round "2.16"]
[White "Novotny, David"]
[Black "Maly, Jiri"]
[Result "1-0"]
[WhiteElo "1788"]
[BlackElo "1654"]
[PlyCount "133"]
[EventDate "2017.07.01"]
[EventType "swiss"]
[EventRounds "9"]
[EventCountry "CZE"]

1. d4 Nf6 2. c4 e6 3. Nf3 c5 4. d5 exd5 5. cxd5 d6 6. Nc3 a6 7. e4 Nbd7 8. a4 b6 9. h3 Be7 10. Bf4 Qc7 11. Be2 Bb7 12. O-O O-O 13. Re1 Rfe8 14. Bf1 Bf8 15. Re3 h6 16. Qb3 Ne5 17. Nd2 Kh8 18. Bxe5 dxe5 19. Nc4 Nd7 20. Rd1 Bd6 21. Be2 Rab8 22. Bg4 Bc8 23. Rf3 Rf8 24. Ne2 b5 25. axb5 axb5 26. Nxd6 Qxd6 27. Ng3 g6 28. Qe3 Kg7 29. Rc1 c4 30. b3 Nf6 31. Bxc8 Rfxc8 32. bxc4 bxc4 33. Qe2 Qc7 34. Rfc3 Rb4 35. Nf1 Ne8 36. Qa2 Nd6 37. Nd2 Qc5 38. Re3 Qd4 39. Nf3 Rb2 40. Qa5 Rb5 41. Qe1 Qb2 42. Re2 Qb4 43. Qxb4 Rxb4 44. Nxe5 c3 45. f3 Rb2 46. Kf1 Nb5 47. Nd3 Rxe2 48. Kxe2 Nd4+ 49. Ke3 Nb3 50. Rc2 Na1 51. Ra2 Nb3 52. Nb4 Rc4 53. Nc2 Kf6 54. Kd3 Rc8 55. Ra6+ Ke5 56. Rc6 Nc1+ 57. Kxc3 Ne2+ 58. Kd2 Rxc6 59. dxc6 Kd6 60. Kxe2 Kxc6 61. f4 Kd6 62. f5 Ke5 63. fxg6 fxg6 64. Kf3 h5 65. g4 hxg4+ 66. hxg4 g5 67. Ke3 1-0

[Event "25th Klatovy B 2017"]
[Site "Klatovy CZE"]
[Date "2017.07.02"]
[Round "2.17"]
[White "Stross, Frantisek 1952"]
[Black "Nechutny, Michal"]
[Result "0-1"]
[WhiteElo "1631"]
[BlackElo "1780"]
[PlyCount "108"]
[EventDate "2017.07.01"]
[EventType "swiss"]
[EventRounds "9"]
[EventCountry "CZE"]

1. e4 c5 2. Nf3 Nc6 3. Bc4 e6 4. Nc3 Nf6 5. d3 Be7 6. Bf4 d5 7. Bb3 a6 8. a4 O-O 9. e5 Nd7 10. O-O Qc7 11. Re1 d4 12. Nb1 Na5 13. Ba2 b5 14. c4 bxc4 15. dxc4 Rb8 16. b3 Bb7 17. Qd3 Rfd8 18. Nbd2 Nf8 19. Bb1 Nc6 20. Qe2 Nb4 21. Bd3 Bxf3 22. Qxf3 Nxd3 23. Qxd3 Ng6 24. Bg3 Qa5 25. Ne4 Bh4 26. Nd6 Bxg3 27. Qxg3 Qc3 28. Rab1 Rxb3 29. Qxc3 Rxc3 30. Rb7 Nxe5 31. Reb1 d3 32. Ne4 Rxc4 33. Nd2 Rxa4 34. Rb8 Rad4 35. f4 Nc6 36. R8b6 Nb4 37. g3 h6 38. Kf2 a5 39. Rb5 c4 40. Rc1 Rc8 41. Rxa5 c3 42. Ra4 Nc2 43. Rxd4 cxd2 44. Rd1 Nxd4 45. Rxd2 Rc2 46. Ke3 Rxd2 47. Kxd2 Nf3+ 48. Kxd3 Nxh2 49. Ke3 Kh7 50. Kf2 Kg6 51. Kg2 Ng4 52. Kf3 Kf5 53. Kg2 e5 54. fxe5 Nxe5 0-1

[Event "25th Klatovy B 2017"]
[Site "Klatovy CZE"]
[Date "2017.07.02"]
[Round "2.18"]
[White "Svec, Vitezslav"]
[Black "Cyron, Karel"]
[Result "0-1"]
[WhiteElo "1571"]
[BlackElo "1739"]
[PlyCount "46"]
[EventDate "2017.07.01"]
[EventType "swiss"]
[EventRounds "9"]
[EventCountry "CZE"]

1. d4 Nf6 2. Bf4 d6 3. e3 g6 4. Nf3 Bg7 5. c4 Nbd7 6. h3 c5 7. Be2 Qb6 8. Nc3 Qxb2 9. Nb5 Qb4+ 10. Nd2 Qa5 11. O-O a6 12. Nb3 Qb6 13. dxc5 Nxc5 14. Bxd6 exd6 15. Nxd6+ Ke7 16. Nxc8+ Rhxc8 17. Rb1 Rc7 18. Nd4 Qd6 19. Qc2 Qe5 20. Bf3 Nfe4 21. Rxb7 Nxb7 22. Bxe4 Rac8 23. Bd5 Qxd5 0-1

[Event "25th Klatovy B 2017"]
[Site "Klatovy CZE"]
[Date "2017.07.02"]
[Round "2.19"]
[White "Krupansky, Jaromir"]
[Black "Jesensky, Jaromir"]
[Result "1/2-1/2"]
[WhiteElo "1756"]
[BlackElo "1499"]
[PlyCount "38"]
[EventDate "2017.07.01"]
[EventType "swiss"]
[EventRounds "9"]
[EventCountry "CZE"]

1. e4 d5 2. exd5 Qxd5 3. Nc3 Qd6 4. d4 Nf6 5. Nf3 a6 6. Bd3 g6 7. O-O Bg7 8. Re1 Bg4 9. h3 Bxf3 10. Qxf3 c6 11. Ne2 e6 12. c3 O-O 13. Bf4 Qd8 14. Rad1 Nbd7 15. Bh2 Qb6 16. Bd6 Rfe8 17. Ba3 Rac8 18. Bc2 Qc7 19. Bb3 Rcd8 1/2-1/2

[Event "25th Klatovy B 2017"]
[Site "Klatovy CZE"]
[Date "2017.07.02"]
[Round "2.20"]
[White "Vavrinek, Tomas"]
[Black "Jedlicka, Pavel"]
[Result "1-0"]
[WhiteElo "1757"]
[BlackElo "1540"]
[PlyCount "119"]
[EventDate "2017.07.01"]
[EventType "swiss"]
[EventRounds "9"]
[EventCountry "CZE"]

1. d4 Nf6 2. Nf3 c6 3. c4 d5 4. Nc3 dxc4 5. e4 b5 6. e5 Nd5 7. Be2 Bf5 8. Nh4 Bg6 9. O-O e6 10. Nxg6 hxg6 11. h3 Qh4 12. Bg4 Na6 13. Ne4 Be7 14. g3 Qh7 15. a3 Nac7 16. Nc5 f5 17. exf6 Bxc5 18. fxg7 Qxg7 19. dxc5 O-O-O 20. Qc2 Nf6 21. Qe2 Nxg4 22. Qxg4 Rd5 23. h4 Rf5 24. Rb1 Nd5 25. Bg5 e5 26. Rfe1 Kb7 27. a4 Qf8 28. Re2 Qxc5 29. axb5 Rhf8 30. bxc6+ Kxc6 31. Rf1 Nb4 32. Qe4+ Kc7 33. Be3 Qb5 34. Rc1 c3 35. Rxc3+ Kb8 36. Rd2 Rf3 37. Bxa7+ Kxa7 38. Rxf3 Rxf3 39. Qxf3 Nc6 40. Qf7+ Kb6 41. Qd5 Nd4 42. Qxb5+ Kxb5 43. Rxd4 exd4 44. Kf1 d3 45. Ke1 Kc4 46. Kd2 Kd4 47. f3 Kc4 48. b4 Kxb4 49. Kxd3 Kc5 50. Ke4 Kd6 51. g4 Ke6 52. f4 Kf6 53. Kd5 Ke7 54. Ke5 Kf7 55. f5 Kg7 56. Ke6 Kh7 57. f6 Kg8 58. Ke7 Kh7 59. f7 g5 60. f8=Q 1-0

[Event "25th Klatovy B 2017"]
[Site "Klatovy CZE"]
[Date "2017.07.02"]
[Round "2.21"]
[White "Kubat, Ladislav"]
[Black "Bainhofner, Jiri"]
[Result "0-1"]
[WhiteElo "1480"]
[BlackElo "1706"]
[PlyCount "38"]
[EventDate "2017.07.01"]
[EventType "swiss"]
[EventRounds "9"]
[EventCountry "CZE"]

1. e4 e5 2. Nf3 Nc6 3. Nc3 Nf6 4. d4 exd4 5. Nxd4 Bb4 6. Nxc6 Bxc3+ 7. bxc3 bxc6 8. Bd3 O-O 9. O-O d6 10. Bg5 Re8 11. Qf3 Be6 12. a3 h6 13. Bxf6 Qxf6 14. Qxf6 gxf6 15. Rab1 Reb8 16. c4 Rb6 17. Rb3 Rab8 18. Rfb1 a5 19. c3 Rxb3 0-1

[Event "25th Klatovy B 2017"]
[Site "Klatovy CZE"]
[Date "2017.07.02"]
[Round "2.22"]
[White "Sova, Zdenek"]
[Black "Merinsky, Vaclav"]
[Result "0-1"]
[WhiteElo "1749"]
[BlackElo "1373"]
[PlyCount "90"]
[EventDate "2017.07.01"]
[EventType "swiss"]
[EventRounds "9"]
[EventCountry "CZE"]

1. Nf3 Nf6 2. d4 d5 3. c4 e6 4. Nc3 Be7 5. e3 O-O 6. Qc2 Re8 7. Bd3 Nbd7 8. cxd5 exd5 9. O-O Nf8 10. h3 Ng6 11. b3 c6 12. Ne5 Bd6 13. Nxg6 hxg6 14. Bb2 Be6 15. Rfe1 Qd7 16. f4 Kh7 17. g4 Qc8 18. f5 gxf5 19. Bxf5+ Bxf5 20. Qxf5+ Qxf5 21. gxf5 Re7 22. Re2 Rae8 23. Bc1 Nh5 24. Rf2 Bg3 25. Rf3 Bd6 26. Bd2 Bb4 27. Re1 Nf6 28. Nb1 Bxd2 29. Nxd2 Kh6 30. Re2 c5 31. dxc5 d4 32. Kf2 Nd5 33. Nc4 Nc3 34. Nd6 dxe3+ 35. Ke1 Nxe2 36. Nxe8 Nd4 37. Rf4 Nc2+ 38. Ke2 Rxe8 39. Rc4 Na3 40. Rb4 Re7 41. h4 Nb1 42. c6 bxc6 43. Rb8 Kh7 44. Rc8 Nc3+ 45. Ke1 Rd7 0-1

[Event "25th Klatovy B 2017"]
[Site "Klatovy CZE"]
[Date "2017.07.02"]
[Round "2.23"]
[White "Chmelik, Benedikt"]
[Black "Hosnedl, Matyas"]
[Result "0-1"]
[WhiteElo "1352"]
[BlackElo "1616"]
[PlyCount "104"]
[EventDate "2017.07.01"]
[EventType "swiss"]
[EventRounds "9"]
[EventCountry "CZE"]

1. e4 e5 2. Nf3 Nc6 3. Bb5 a6 4. Ba4 Nf6 5. d3 b5 6. Bb3 Be7 7. c3 d6 8. h3 O-O 9. Nbd2 Na5 10. Bc2 c5 11. Nf1 Qc7 12. Ng3 Re8 13. O-O Bb7 14. Re1 Rac8 15. a3 Nc6 16. a4 b4 17. c4 Nd7 18. b3 Nd4 19. Nxd4 cxd4 20. Nf5 Bf6 21. Qg4 Nc5 22. Bg5 Bxg5 23. Qxg5 Ne6 24. Qg4 f6 25. h4 Nf8 26. h5 Rb8 27. f4 Ne6 28. fxe5 dxe5 29. Rf1 Bc8 30. g3 Ng5 31. Qe2 Rb6 32. Kh2 Qd7 33. g4 g6 34. hxg6 hxg6 35. Nh4 Kg7 36. Kg3 Ne6 37. Ng2 Rh8 38. Rh1 Qe8 39. Raf1 g5 40. Qf3 Nf4 41. Nxf4 gxf4+ 42. Kf2 Rxh1 43. Rxh1 Qg6 44. Bd1 Rb7 45. Ke1 Kg8 46. Kd2 Rg7 47. Rg1 Rh7 48. Ke1 Rh2 49. Rg2 Rh1+ 50. Kd2 Qh6 51. Kc1 Rh3 52. Qe2 f3+ 0-1

[Event "25th Klatovy B 2017"]
[Site "Klatovy CZE"]
[Date "2017.07.02"]
[Round "2.24"]
[White "Soukup, Jiri1"]
[Black "Janous, Marek"]
[Result "1-0"]
[WhiteElo "1640"]
[BlackElo "1235"]
[PlyCount "53"]
[EventDate "2017.07.01"]
[EventType "swiss"]
[EventRounds "9"]
[EventCountry "CZE"]

1. e4 c5 2. Nf3 Nc6 3. d4 cxd4 4. Nxd4 g6 5. Be3 Bg7 6. c3 d6 7. Nd2 a6 8. Be2 Nf6 9. O-O O-O 10. Kh1 Bd7 11. f4 Bh6 12. Qc2 e5 13. Nxc6 Bxc6 14. fxe5 Bxe3 15. exf6 Bxd2 16. Qxd2 Bxe4 17. Qh6 Qxf6 18. Rxf6 Rae8 19. Bf3 Bxf3 20. Rxf3 Re7 21. Re3 Rd7 22. Rae1 Rdd8 23. Re7 b5 24. Ra7 Rde8 25. Rxe8 Rxe8 26. Qd2 h5 27. Rxa6 1-0

[Event "25th Klatovy B 2017"]
[Site "Klatovy CZE"]
[Date "2017.07.02"]
[Round "2.25"]
[White "Celovsky, Jan"]
[Black "Svec, Ludek"]
[Result "1/2-1/2"]
[WhiteElo "1408"]
[BlackElo "1645"]
[PlyCount "71"]
[EventDate "2017.07.01"]
[EventType "swiss"]
[EventRounds "9"]
[EventCountry "CZE"]

1. e4 c5 2. Nf3 e6 3. d4 cxd4 4. Nxd4 Nf6 5. Nc3 Nc6 6. Be2 Bb4 7. Nxc6 bxc6 8. Bd2 d5 9. exd5 cxd5 10. O-O O-O 11. Nb5 Bxd2 12. Qxd2 Qb6 13. Qd4 Bd7 14. Qxb6 axb6 15. Nd4 Rfc8 16. Rfc1 Ne4 17. c4 dxc4 18. Rxc4 Rxc4 19. Bxc4 Kf8 20. Bb5 Bxb5 21. Nxb5 Ra5 22. Nd4 Rd5 23. Nb3 Nd2 24. Nxd2 Rxd2 25. Rb1 Ke7 26. Kf1 Kd6 27. Ke1 Rc2 28. Rd1+ Kc7 29. Rd2 Rc5 30. Kd1 Rh5 31. h3 Ra5 32. a3 Rg5 33. f4 Ra5 34. Rc2+ Kb7 35. Rd2 Kc7 36. Rc2+ 1/2-1/2

[Event "25th Klatovy B 2017"]
[Site "Klatovy CZE"]
[Date "2017.07.02"]
[Round "2.26"]
[White "Lacha, Jan"]
[Black "Devera, Filip"]
[Result "1-0"]
[WhiteElo "1808"]
[BlackElo "1000"]
[PlyCount "29"]
[EventDate "2017.07.01"]
[EventType "swiss"]
[EventRounds "9"]
[EventCountry "CZE"]

1. d4 d5 2. Nc3 c5 3. e4 e6 4. exd5 exd5 5. Bb5+ Nc6 6. Qe2+ Qe7 7. Nxd5 Qxe2+ 8. Nxe2 Kd8 9. dxc5 Bxc5 10. Be3 Bxe3 11. Nxe3 Nf6 12. O-O-O+ Ke7 13. Bxc6 bxc6 14. Nd4 Bd7 15. Nef5+ 1-0